00735 a2200145 4500003000500000005001700005040000900022082001500031100002000046245004000066260002700106300001000133505043600143650001000579Nust20230331104859.0 cNust a808.83,DEX aPendexter, Hugh aThe Woods Runner / cHugh Pendexter aLondonbWild West Club a252:p aDown To The Sea (Page-9), The New Lodger (Page-20), The Exodus (Page-33), Over The Ridge (Page-50), Borden’s Grant (Page-61), Strange Faring (Page-84), Danger From The South (Page-94), The Lynx Man Takes A Drink (Page-108), The Path Of Many Dangers (Page-121), Suspicions (Page-142), An Interrupted Journey (Page-164), Medicine (Page-179), Danger From The West (Page-196), Some Volunteers (Page-214), Desartre Strikes (Page-234). aNovel